Polskie Grupy/duety Rapowe 1 - Statystyki

Ogólne statystyki
  • Ten quiz został rozwiązany 90 razy
  • Średni wynik to 9 z 18
Statystyki odpowiedzi
Hint Odpowiedź % Poprawnych
Gang Albanii Popek
99%
BORCREW Paluch
94%
BORCREW Szpaku
90%
Wzgórze Ya-Pa 3 Borixon
88%
Gang Albanii Borixon
88%
BORCREW Joda
60%
Płomień 81 Pezet
55%
Gang Albanii (daw) Rozbójnik Alibaba
54%
808bros Gedz
49%
BORCREW Gedz
49%
Płomień 81 Onar
49%
BORCREW Kobik
41%
BORCREW Sarius
41%
BORCREW Lipa
37%
Wzgórze Ya-Pa 3 Wojtas
13%
808bros LoAA
10%
Young Veteran$ Chris Carson
8%
Young Veteran$ Kendo
4%
Nie znaleziono quizów pasujących do podanych kryteriów
Rozkład punktacji
Procent ludzi z każdym wynikiem
Percentyl według liczby udzielonych odpowiedzi
Twoja historia wyników
Nie rozwiązałeś tego quizu